| 000 | 00362nam a2200133 i 4500 | ||
|---|---|---|---|
| 001 | bg | ||
| 100 | 1 | _aKOBIELAK, Sylwester | |
| 245 | 0 |
_aPrzyrządy i metodyka pomiaru parcia materiałów rozdrobnionych w zbiornikach / _cS. Kobielak. |
|
| 260 |
_aWrocław, _c1990. |
||
| 040 | _cBPK | ||
| 041 | _apol | ||
| 942 | _cKS | ||
| 008 | s pl f |000 0 pol | ||
| 999 |
_c29416 _d29416 |
||
| 856 |
_uhttp://koha.tu.koszalin.pl/cgi-bin/koha/opac-detail.pl?biblionumber=29416 _yKatalog online BPK |
||